|
|
|
|
| LEADER |
00819naa a2200205 i 4500 |
| 001 |
publ18936 |
| 005 |
20200617122017.0 |
| 008 |
200617s2019 hu o 0|| zxx d |
| 020 |
|
|
|a 9789632957968
|
| 024 |
7 |
|
|a 30858127
|2 mtmt
|
| 040 |
|
|
|a SZTE Publicatio Repozitórium
|b hun
|
| 041 |
|
|
|a zxx
|
| 100 |
1 |
|
|a Karsai Krisztina
|
| 245 |
1 |
2 |
|a A gazdálkodás rendjét sértő bűncselekmények
|h [elektronikus dokumentum] /
|c Karsai Krisztina
|
| 260 |
|
|
|a Wolters Kluwer
|b Budapest
|c 2019
|
| 300 |
|
|
|a 30
|
| 300 |
|
|
|a 942-971
|
| 490 |
0 |
|
|a Nagykommentár a Büntető Törvénykönyvhöz
|
| 856 |
4 |
0 |
|u http://publicatio.bibl.u-szeged.hu/18936/1/Btk_nagykommentar_elsotordelt-pages-902-992.pdf
|z Dokumentum-elérés
|
| 856 |
4 |
0 |
|u http://publicatio.bibl.u-szeged.hu/18936/7/30855611_befoglal%C3%B3_c%C3%ADmlap_tartj.pdf
|z Dokumentum-elérés
|